|
|
|
|
| LEADER |
00000nam a22000007a 4500 |
| 005 |
20170221205711.0 |
| 007 |
cr|||| |||| |
| 008 |
170221s2016 br |||||s|||| 00||0 por d |
| 020 |
|
|
|a 978-85-361-8972-7
|
| 035 |
|
|
|a 14724
|
| 040 |
|
|
|a vLex
|
| 090 |
|
|
|c 6557
|d 6557
|
| 100 |
1 |
|
|a Messias Saliba, Tuffi
|
| 245 |
1 |
0 |
|a Insalubridade e periculosidade
|h [Recurso electrn̤ico] :
|b Aspectos Tčnicos e Prt̀icos 2016 /
|c Tuffi Messias Saliba, Mr̀cia Angelim Chaves Corrå
|
| 250 |
|
|
|a 15® edicin̤
|
| 256 |
|
|
|a Servicio en ln̕ea
|
| 260 |
|
|
|a San Pablo:
|b LTR,
|c 2016
|
| 300 |
|
|
|a 1 recurso electrn̤ico
|
| 500 |
|
|
|a Esta 15® ediȯ̂ foi atualizada de acordo com o novo CPC (Cd̤igo de Processo Civil). Alm̌ disso, todos os capt̕ulos foram revisados e atualizados de acordo com as normas vigentes. O livro aborda de maneira didt̀icas e objetiva os critřios tčnicos e prt̀icos da caracterizaȯ̂ da insalubridade e periculosidade.
|
| 506 |
1 |
|
|a Disponible solo en los productos indicados
|d vLex Global
|d vLex Global (Academic Edition, excluding Law Schools)
|d vLex Global (U.S. Academic Edition, Law Schools)
|d vLex Global (U.S. Academic Edition, excluding Law Schools)
|d vLex Global (Academic Edition, Law Schools)
|
| 650 |
0 |
4 |
|a Derecho Procesal
|z Brasil
|
| 650 |
0 |
4 |
|a Procedimiento Civil
|z Brasil
|
| 700 |
1 |
|
|a Chaves Corrå, Mr̀cia Angelim
|
| 740 |
0 |
|
|a vLex Libros (Servicio en ln̕ea)
|
| 856 |
4 |
0 |
|u http://vlex.com/source/insalubridade-e-periculosidade-aspectos-tecnicos-e-praticos-2016-14724
|z Acceso restringido
|
| 942 |
|
|
|c BOOK
|
| 999 |
0 |
|
|a Procedural Law
|
| 999 |
0 |
|
|a Civil Procedure
|